书目信息 |
| 题名: |
视觉障碍儿童教学法
|
|
| 作者: | 翟海珍 主编 | |
| 分册: | ||
| 出版信息: | 天津 天津教育出版社 2007 |
|
| 页数: | 258页 | |
| 开本: | 24cm | |
| 丛书名: | ||
| 单 册: | ||
| 中图分类: | G761.2 | |
| 科图分类: | ||
| 主题词: | 视觉障碍--儿童教育--特殊教育--教学法 | |
| 电子资源: | ||
| ISBN: | 978-7-5309-4973-3 | |
| 000 | 00876nam0 2200229 450 | |
| 001 | 1574605278 | |
| 005 | 20150131204339.45 | |
| 010 | @a978-7-5309-4973-3@dCNY25.00 | |
| 100 | @a20070327d2007 em y0chiy50 ea | |
| 101 | 0 | @achi |
| 102 | @aCN@b120000 | |
| 105 | @ay z 000yy | |
| 200 | 1 | @a视觉障碍儿童教学法@9shi jue zhang ai er tong jiao xue fa@f翟海珍主编 |
| 210 | @a天津@c天津教育出版社@d2007 | |
| 215 | @a258页@d24cm | |
| 300 | @a全国特殊师范教育专业课规划教材/该教材编委会编 | |
| 330 | @a本书以让学生掌握视觉障碍儿童教学法的基本理论和基础知识、提高分析问题和解决问题的能力为目的,根据新课程理念并参考《普通小学新课程标准》,对视觉障碍儿童教学法的教学理念、方法、策略等做了介绍。 | |
| 606 | 0 | @a视觉障碍@x儿童教育@x特殊教育@x教学法 |
| 690 | @aG761.2@v5 | |
| 701 | 0 | @a翟海珍@9zhai hai zhen@c(女)@4主编 |
| 801 | 0 | @aCN@bTSSF@c20150131 |
| 905 | @aZUCC@dG761.2@eJY2 | |
| 视觉障碍儿童教学法/翟海珍主编.-天津:天津教育出版社,2007 |
| 258页;24cm |
| 全国特殊师范教育专业课规划教材/该教材编委会编 |
| ISBN 978-7-5309-4973-3:CNY25.00 |
| 本书以让学生掌握视觉障碍儿童教学法的基本理论和基础知识、提高分析问题和解决问题的能力为目的,根据新课程理念并参考《普通小学新课程标准》,对视觉障碍儿童教学法的教学理念、方法、策略等做了介绍。 |
| ● |
| 相关链接 |
|
|
|
|
正题名:视觉障碍儿童教学法
索取号:G761.2/JY2
 
预约/预借
| 序号 | 登录号 | 条形码 | 馆藏地/架位号 | 状态 | 备注 |
| 1 | 7846310 | 278463100 | 学院路分馆/ [索取号:G761.2/JY2] | 在馆 |